| 000 | 00701nam a2200193 a 4500 | ||
|---|---|---|---|
| 008 | 061128s2006 ||||||||||||||||| || u | ||
| 020 | _a0821367439 | ||
| 050 | _aIBRD(02) | ||
| 100 | _aGhosh, Swati R | ||
| 245 | 1 | 0 |
_aEast Asian finance: the road to robust markets _cby Swati R. Ghosh |
| 260 |
_aWashington, D. C. _bWorld Bank _c2006 |
||
| 300 | _axii;217p.; ill. | ||
| 350 | _a0.00 | ||
| 650 | 0 | _aFINANCE--DEVELOPING COUNTRIES | |
| 650 | _aFINANCE--EAST ASIA | ||
| 650 | _aFINANCIAL INSTITUTIONS--EAST ASIA | ||
| 710 | _aWorld Bank | ||
| 995 |
_D0.00 _FCBU-MAIN LIBRARY (Kitwe) _H1 _I0.00 _M1 _UAVAILABLE _WJan 10, 2008 _ZInternational Publications |
||
| 999 |
_c40660 _d40660 |
||